Dyslexia and alternative therapies (Record no. 143032)
[ view plain ]
| 000 -LEADER | |
|---|---|
| fixed length control field | 01689nam a22003974a 4500 |
| 082 04 - DEWEY DECIMAL CLASSIFICATION NUMBER | |
| Classification number | 616.85/5306 |
| 100 1# - MAIN ENTRY--AUTHOR NAME | |
| Personal name | Chivers, Maria. |
| 245 10 - TITLE STATEMENT | |
| Title | Dyslexia and alternative therapies |
| 260 ## - PUBLICATION, DISTRIBUTION, ETC. (IMPRINT) | |
| Place of publication | London ; |
| -- | Philadelphia : |
| Name of publisher | Jessica Kingsley Pub., |
| Year of publication | 2006. |
| 300 ## - PHYSICAL DESCRIPTION | |
| Number of Pages | 144 p. |
| 490 1# - SERIES STATEMENT | |
| Series statement | JKP essentials |
| 505 0# - FORMATTED CONTENTS NOTE | |
| Formatted contents note | Alternative therapies -- Identifying learning difficulties -- Hearing -- Bodyworks -- Developmental delay -- Vision -- Nutrition and health -- The power of touch -- Holistic healing -- Therapies of the future -- Bioenergy therapies -- Stress management. |
| 650 #0 - SUBJECT ADDED ENTRY--TOPICAL TERM | |
| Topical Term | Dyslexia |
| Topical Term | Learning disabilities |
| Topical Term | Dyslexic children. |
| 856 40 - ELECTRONIC LOCATION AND ACCESS | |
| Uniform Resource Identifier | http://site.ebrary.com/lib/rucke/Doc?id=10182474 |
No items available.
